000 00829nam a2200193 i 4500
001 20044
003 ES-MaACL
005 20230906152224.0
007 t|
008 021121s1922 po ||||1| por d
080 _a001:061.3(100)"1922"
110 2 _aAssociaçao Portuguesa para Progresso das Ciencias (
_n1º.
_d1921.
_cPorto)
_91803
245 1 0 _aPrimeiro Congreso celebrado na cidade do Porto de 26 de junho a 1 de julho de 1921 juntamente com o oitavo Congresso da Associaçao Espanhola para Progresso das Ciências
_b: Sessoes plenárias.
260 _aCoimbra :
_b[s.n.],
_c1922 (
_fImp. da Universidade)
300 _a176 p. ;
_c25 cm.
650 _aCiencia-
_vCongresos y asambleas.
_910938
710 2 _aAsociación Española para el Progreso de las Ciencias (
_n8º.
_d1921.
_cPorto)
_91690
852 _aES-MaACL
_jB-13867
999 _c20044
_d20044